gminy powiatu bocheńskiego z mapą - Statystyki

Ogólne statystyki
  • Ten quiz został rozwiązany 112 razy
  • Średni wynik to 6 z 9
Odpowiedzi na mapie
Odpowiedzi zakodowano w zielono-czerwonej skali na mapie do tego quizu, zgodnie z poniższymi procentami.
 
Statystyki odpowiedzi
Wskazówka Odpowiedź % Poprawnych
gmina miejska Bochnia
99%
gmina wiejska Bochnia
99%
gmina miejsko-wiejska Nowy Wiśnicz
90%
gmina wiejska Rzezawa
69%
gmina wiejska Lipnica Murowana
56%
gmina wiejska Żegocina
56%
gmina wiejska Drwinia
53%
gmina wiejska Łapanów
53%
gmina wiejska Trzciana
49%
Nie znaleziono quizów pasujących do podanych kryteriów
Rozkład punktacji
Procent ludzi z każdym wynikiem
Percentyl według liczby udzielonych odpowiedzi
Twoja historia wyników
Nie rozwiązałeś tego quizu